000 01026aab a2200193 i 4500
001 768714001
003 CO-MdFUSB
005 20240422115556.0
008 240405t1991 ag ||||| |||| 00| 0 spa d
040 _bspa
_cCO-MdFUSB
041 _aspa
100 1 _aChao Montes, J. Jorge
_eautor
245 _a"Todos somos iguales... pero no tan iguales"
_b/ J. Jorge Chao Montes
300 _aVolumen 10, número 1 (enero - marzo, 1991), páginas: 6 - 12
_cpágina: 6
520 _aSe estudia las observaciones realizadas por una secretaria sobre un seminario titulado "Todos somos iguales", el cual ella rechazó, por las afirmaciones de igualdad, debido a la realidad de la experiencia laboral. Así mismo, se analiza las discriminaciones, que son evidente en casi toda institución misionera evangélica, o de cualquier otro matiz ideológico-religioso.
650 7 _aÉtica cristiana
_9185
773 0 _tIglesia y Misión
_049402
_959664
_gVolumen 10, número 1 (enero - marzo, 1991), páginas: 6 - 12
_qpágina: 6
942 _cANA
999 _c51904
_d51904